[Event "BEL-chT 1011"]
[Site "Belgium"]
[Date "2011.02.27"]
[Round "9.8"]
[White "Moens, Bernard"]
[Black "Russo, Julien"]
[Result "0-1"]
[WhiteElo "1634"]
[BlackElo "2097"]
[PlyCount "79"]
[EventDate "2010.09.26"]
[EventType "team-tourn"]
[EventRounds "11"]
[EventCountry "BEL"]
[SourceTitle "EXT 2012"]
[Source "ChessBase"]
[SourceDate "2011.11.24"]
[SourceVersion "1"]
[SourceVersionDate "2011.11.24"]
[SourceQuality "1"]
[WhiteTeam "Namur"]
[BlackTeam "Fontaine"]
[WhiteTeamCountry "BEL"]
[BlackTeamCountry "BEL"]

1. d4 d5 2. Nf3 Nf6 3. c4 c6 4. Nc3 e6 5. e3 Nbd7 6. Bd3 dxc4 7. Bxc4 b5 8. Bd3 Bb7 9. e4 a6 10. a3 c5 11. Be3 b4 12. axb4 cxb4 13. e5 bxc3 14. exf6 cxb2 15. fxg7 Bb4+ 16. Bd2 Bxd2+ 17. Nxd2 Rg8 18. Rb1 Rxg7 19. Ne4 Bxe4 20. Bxe4 Rb8 21. 0-0 Kf8 22. Qc2 Qb6 23. Bxh7 f5 24. Bxf5 exf5 25. Qxf5+ Rf7 26. Qd3 a5 27. Rfd1 Nf6 28. h3 Qd6 29. Rd2 Rc7 30. g3 Rc1+ 31. Kh2 Rxb1 32. Qxb1 Qb4 33. Re2 a4 34. Qf5 b1Q 35. Qxf6+ Kg8 36. Qg5+ Kf7 37. Qf4+ Kg7 38. Qg5+ Qg6 39. Re7+ Qxe7 40. Qxe7+ 0-1

[Event "CEF Winter-ch Elite"]
[Site "Fontaine l'Eveque"]
[Date "2011.01.14"]
[Round "5"]
[White "Russo, Julien"]
[Black "Mastalerz, Xavier"]
[Result "1/2-1/2"]
[WhiteElo "2091"]
[BlackElo "2129"]
[PlyCount "57"]
[EventDate "2010.11.19"]
[EventType "tourn"]
[EventRounds "7"]
[EventCountry "BEL"]
[SourceTitle "EXT 2019"]
[Source "ChessBase"]
[SourceDate "2018.10.10"]
[SourceVersion "1"]
[SourceVersionDate "2018.10.10"]
[SourceQuality "1"]

1. e4 e6 2. d4 d5 3. e5 c5 4. c3 Qb6 5. Nf3 Bd7 6. Bd3 cxd4 7. cxd4 Bb5 8. Nc3 Bxd3 9. Qxd3 Nc6 10. 0-0 a6 11. a3 Nge7 12. b4 Ng6 13. h4 Be7 14. h5 Nh4 15. Nxh4 Bxh4 16. Be3 h6 17. Rac1 0-0 18. f4 Qd8 19. f5 Bg5 20. Ne2 Bxe3+ 21. Qxe3 Qh4 22. fxe6 fxe6 23. Nf4 Qg4 24. Rf3 Rf5 25. Rcf1 Raf8 26. R3f2 R8f7 27. Rf3 Rf8 28. R3f2 R8f7 29. Rf3 1/2-1/2

[Event "Charleroi op"]
[Site "Charleroi"]
[Date "2010.08.06"]
[Round "8"]
[White "Houriez, Clement"]
[Black "Russo, Julien"]
[Result "1-0"]
[WhiteElo "2259"]
[BlackElo "2084"]
[PlyCount "105"]
[EventDate "2010.07.31"]
[EventType "swiss"]
[EventRounds "9"]
[EventCountry "BEL"]
[SourceTitle "CBM 137 Extra"]
[Source "ChessBase"]
[SourceDate "2010.09.01"]
[SourceVersion "1"]
[SourceVersionDate "2010.09.01"]
[SourceQuality "1"]

1. d4 d5 2. c4 c6 3. Nf3 Nf6 4. e3 e6 5. Nc3 Nbd7 6. Qc2 Bd6 7. Bd3 dxc4 8. Bxc4 b5 9. Be2 Bb7 10. 0-0 0-0 11. e4 e5 12. Rd1 Qc7 13. g3 b4 14. Na4 c5 15. d5 Nb6 16. Nxb6 axb6 17. b3 Ba6 18. a4 bxa3 19. Bxa3 Rfc8 20. Bxa6 Rxa6 21. Bb2 Rca8 22. Rxa6 Rxa6 23. Kg2 Ne8 24. Qe2 Ra2 25. Ra1 Rxa1 26. Bxa1 f6 27. Qb5 Kf8 28. Nd2 Qa7 29. Bc3 Ke7 30. Qc6 Qc7 31. Qb5 Qa7 32. Qc6 Qc7 33. Qa4 Qb7 34. h4 Bc7 35. h5 b5 36. Qa1 Nd6 37. Qd1 Kf7 38. Qe2 g6 39. Qe3 Bb6 40. Qh6 gxh5 41. Bxe5 Ne8 42. Qxh7+ Ng7 43. Nf3 fxe5 44. Ng5+ Ke8 45. Qg8+ Kd7 46. Qxg7+ Kc8 47. Qf8+ Kd7 48. Ne6 Qc8 49. Qg7+ Kd6 50. Ng5 c4 51. b4 c3 52. Nf7+ Ke7 53. Nxe5+ 1-0

[Event "Roux CREC op"]
[Site "Roux"]
[Date "2009.07.28"]
[Round "5"]
[White "Real, Thibault"]
[Black "Russo, Julien"]
[Result "0-1"]
[WhiteElo "1913"]
[BlackElo "2117"]
[PlyCount "54"]
[EventDate "2009.07.25"]
[EventType "swiss"]
[EventRounds "9"]
[EventCountry "BEL"]
[SourceTitle "EXT 2010"]
[Source "ChessBase"]
[SourceDate "2010.11.25"]
[SourceVersion "1"]
[SourceVersionDate "2010.11.25"]
[SourceQuality "1"]

1. e4 e6 2. d4 d5 3. Nc3 Nf6 4. Bg5 Bb4 5. e5 h6 6. Bd2 Bxc3 7. Bxc3 Ne4 8. Bb4 c5 9. dxc5 Nxf2 10. Kxf2 Qh4+ 11. g3 Qxb4 12. Nf3 Qxc5+ 13. Kg2 0-0 14. Bd3 Nc6 15. c3 f6 16. exf6 Rxf6 17. Qe2 e5 18. b4 Qd6 19. Rad1 Bg4 20. Rhf1 e4 21. Bxe4 dxe4 22. Qc4+ Qe6 23. Qxe6+ Rxe6 24. Nd4 Nxd4 25. Rxd4 Bf3+ 26. Kf2 Kf7 27. Rd7+ Re7 0-1

[Event "Roux CREC op"]
[Site "Roux"]
[Date "2009.07.26"]
[Round "2"]
[White "Russo, Julien"]
[Black "Oger, Daniel"]
[Result "1-0"]
[WhiteElo "2117"]
[BlackElo "1904"]
[PlyCount "57"]
[EventDate "2009.07.25"]
[EventType "swiss"]
[EventRounds "9"]
[EventCountry "BEL"]
[SourceTitle "EXT 2010"]
[Source "ChessBase"]
[SourceDate "2010.11.25"]
[SourceVersion "1"]
[SourceVersionDate "2010.11.25"]
[SourceQuality "1"]

1. e4 e6 2. d4 d5 3. Nd2 Nf6 4. e5 Nfd7 5. f4 c5 6. c3 Nc6 7. Ndf3 Qb6 8. a3 cxd4 9. cxd4 Be7 10. h4 f6 11. Bd3 fxe5 12. fxe5 Na5 13. Ng5 Nf8 14. N1f3 Nb3 15. Rb1 Nxc1 16. Qxc1 Bd7 17. Qf4 Ng6 18. Bxg6+ hxg6 19. Qf7+ Kd8 20. Qxg6 Rf8 21. 0-0 Rxf3 22. Nxf3 Bxh4 23. Nxh4 Qxd4+ 24. Rf2 Qxh4 25. Rc1 Qd4 26. Qg5+ Ke8 27. Qxg7 Kd8 28. Qg8+ Ke7 29. Qxa8 1-0

[Event "Charleroi CREC - Arras m"]
[Site "Charleroi"]
[Date "2009.06.27"]
[Round "1"]
[White "Russo, Julien"]
[Black "Krasucki, Youri"]
[Result "1-0"]
[WhiteElo "2117"]
[BlackElo "2026"]
[PlyCount "57"]
[EventDate "2009.06.27"]
[EventType "team-match"]
[EventRounds "1"]
[EventCountry "BEL"]
[SourceTitle "EXT 2019"]
[Source "ChessBase"]
[SourceDate "2018.10.10"]
[SourceVersion "1"]
[SourceVersionDate "2018.10.10"]
[SourceQuality "1"]
[WhiteTeam "Arras"]
[BlackTeam "Charleroi CREC"]
[WhiteTeamCountry "FRA"]
[BlackTeamCountry "BEL"]

1. e4 c5 2. Nf3 a6 3. c3 g6 4. d4 cxd4 5. cxd4 Bg7 6. Nc3 d6 7. Bc4 e6 8. 0-0 b5 9. Bb3 Bb7 10. Re1 Nd7 11. Bg5 Qb6 12. a4 b4 13. a5 Qc7 14. Na4 Qxa5 15. Qd2 Ngf6 16. e5 Ne4 17. Qe3 Qb5 18. Rec1 dxe5 19. Nxe5 Nxe5 20. dxe5 Qxe5 21. Bf4 Qd4 22. Nb6 Rd8 23. Ba4+ Kf8 24. Rd1 Qf6 25. Nd7+ Rxd7 26. Rxd7 Qxb2 27. Rad1 Bd5 28. Qb6 Bf6 29. Bh6+ 1-0

[Event "BEL FEFB-ch"]
[Site "Fontaine l'Eveque"]
[Date "2009.06.01"]
[Round "6"]
[White "Russo, Julien"]
[Black "Le Quang, Kim"]
[Result "0-1"]
[WhiteElo "2088"]
[BlackElo "2333"]
[PlyCount "110"]
[EventDate "2009.05.29"]
[EventType "tourn"]
[EventRounds "7"]
[EventCountry "BEL"]
[SourceTitle "EXT 2010"]
[Source "ChessBase"]
[SourceDate "2010.11.25"]
[SourceVersion "1"]
[SourceVersionDate "2010.11.25"]
[SourceQuality "1"]

1. e4 c5 2. Nf3 d6 3. d4 cxd4 4. Nxd4 Nf6 5. Nc3 a6 6. Be3 e5 7. Nf3 Be7 8. Bc4 0-0 9. 0-0 Be6 10. Bb3 b5 11. Bg5 Nbd7 12. Bxf6 Nxf6 13. Qd3 b4 14. Nd5 Bxd5 15. Bxd5 Nxd5 16. Qxd5 Rc8 17. Rfc1 Qb6 18. g3 Rc5 19. Qd3 Qc6 20. a3 b3 21. Qxb3 Qxe4 22. Qe3 Qc6 23. c3 h6 24. h4 f5 25. Nd2 f4 26. Qe4 fxg3 27. fxg3 Qb6 28. Qe3 Bd8 29. Kg2 Rd5 30. Nc4 Qxe3 31. Nxe3 Rd2+ 32. Kh3 Rf3 33. Nc4 Rdd3 34. Rg1 Bc7 35. Rae1 Kf7 36. Rgf1 Rxf1 37. Rxf1+ Ke7 38. Re1 Ke6 39. Re2 d5 40. Ne3 Bb6 41. Nc2 a5 42. Kg2 Kf5 43. Ne1 Rd1 44. Kf3 e4+ 45. Kg2 a4 46. Kh3 e3 47. Kg2 Ke4 48. h5 Rd2 49. Kf1 d4 50. cxd4 Bxd4 51. Nc2 Rxe2 52. Kxe2 Bxb2 53. g4 Bd4 54. Ke1 Bc5 55. Ke2 Kf4 0-1

[Event "BEL FEFB-ch"]
[Site "Fontaine l'Eveque"]
[Date "2009.05.30"]
[Round "3"]
[White "Russo, Julien"]
[Black "Real, Thibault"]
[Result "1-0"]
[WhiteElo "2088"]
[BlackElo "1893"]
[PlyCount "105"]
[EventDate "2009.05.29"]
[EventType "tourn"]
[EventRounds "7"]
[EventCountry "BEL"]
[SourceTitle "EXT 2010"]
[Source "ChessBase"]
[SourceDate "2010.11.25"]
[SourceVersion "1"]
[SourceVersionDate "2010.11.25"]
[SourceQuality "1"]

1. e4 c5 2. Nf3 d6 3. Bb5+ Bd7 4. Bxd7+ Qxd7 5. 0-0 g6 6. c3 Bg7 7. d4 cxd4 8. cxd4 Nf6 9. Re1 0-0 10. Nc3 Rd8 11. Bg5 Ne8 12. Qd2 Nc6 13. Rad1 Nc7 14. h3 Re8 15. Be3 d5 16. Bf4 dxe4 17. Nxe4 Nd5 18. Bg3 Rad8 19. Ne5 Qc8 20. Rc1 Nb6 21. Qf4 f5 22. Nxc6 bxc6 23. Ng5 Rxd4 24. Qf3 Rd5 25. Ne6 Bh6 26. Rc2 f4 27. Bxf4 Rf5 28. Qb3 Bxf4 29. Nxf4+ e6 30. Rxe6 Rxe6 31. Qxe6+ Qxe6 32. Nxe6 Ra5 33. a3 Na4 34. Kf1 c5 35. Nf4 Rb5 36. Nd3 c4 37. Rxc4 Nxb2 38. Nxb2 Rxb2 39. Rc8+ Kg7 40. Rc7+ Kh6 41. Rxa7 Ra2 42. a4 Rb2 43. g3 Ra2 44. a5 Rb2 45. Kg2 Ra2 46. a6 Ra3 47. h4 Rb3 48. Rb7 Ra3 49. a7 Ra4 50. Kf3 Ra3+ 51. Ke4 Ra4+ 52. Kd5 Ra1 53. Kd6 1-0

[Event "Hainaut-ch"]
[Site "Manage"]
[Date "2008.08.23"]
[Round "5.2"]
[White "Barbier, Wim"]
[Black "Russo, Julien"]
[Result "1-0"]
[WhiteElo "2225"]
[BlackElo "2078"]
[PlyCount "49"]
[EventDate "2008.08.23"]
[EventType "swiss"]
[EventRounds "9"]
[EventCountry "BEL"]
[SourceTitle "EXT 2024"]
[Source "ChessBase"]
[SourceDate "2023.10.10"]
[SourceVersion "1"]
[SourceVersionDate "2023.10.10"]
[SourceQuality "1"]

1. Nf3 d5 2. c4 c6 3. g3 Nf6 4. Bg2 Bg4 5. Ne5 Be6 6. cxd5 Bxd5 7. Nf3 Nbd7 8. Nc3 Bxf3 9. Bxf3 e6 10. d4 Be7 11. 0-0 h5 12. h3 Qa5 13. e4 Rd8 14. Qe2 g6 15. Rd1 Kf8 16. Bg2 Kg7 17. d5 cxd5 18. exd5 Rhe8 19. dxe6 Bc5 20. Bf4 Rxe6 21. Qf3 b5 22. g4 b4 23. Nd5 Ne4 24. Bc7 Bxf2+ 25. Qxf2 1-0

[Event "Hainaut-ch"]
[Site "Manage"]
[Date "2008.08.23"]
[Round "2.5"]
[White "Desinte, David"]
[Black "Russo, Julien"]
[Result "0-1"]
[WhiteElo "1849"]
[BlackElo "2078"]
[PlyCount "118"]
[EventDate "2008.08.23"]
[EventType "swiss"]
[EventRounds "9"]
[EventCountry "BEL"]
[SourceTitle "EXT 2024"]
[Source "ChessBase"]
[SourceDate "2023.10.10"]
[SourceVersion "1"]
[SourceVersionDate "2023.10.10"]
[SourceQuality "1"]

1. e4 e6 2. d4 d5 3. Nc3 Nf6 4. Bg5 Bb4 5. e5 h6 6. Bd2 Bxc3 7. bxc3 Ne4 8. Qg4 g6 9. Bd3 Nxd2 10. Kxd2 c5 11. f4 Nc6 12. Nf3 Qa5 13. h4 h5 14. Qg3 cxd4 15. Ng5 dxc3+ 16. Ke2 Nd4+ 17. Kf1 Nf5 18. Bxf5 gxf5 19. Nh7 Qc5 20. Nf6+ Kf8 21. Qf2 Qxf2+ 22. Kxf2 b6 23. Rh3 Ba6 24. Rxc3 Bc4 25. a4 Rc8 26. a5 b5 27. Ke1 Ke7 28. Kd2 Rh6 29. Rg3 Rg6 30. Raa3 Rb8 31. Rg5 b4 32. Rh3 d4 33. Nxh5 d3 34. Nf6 b3 35. cxb3 Rxb3 36. h5 Rxg5 37. fxg5 Rb2+ 38. Kd1 Bb3+ 39. Kc1 Rc2+ 40. Kb1 d2 41. Rd3 Rc1+ 42. Kb2 d1Q 43. Rxd1 Rxd1 44. Kxb3 Rg1 45. h6 Kf8 46. Nd7+ Kg8 47. Kb4 Rxg2 48. Kb5 f4 49. Nf6+ Kh8 50. Ka6 Ra2 51. Kxa7 Rxa5+ 52. Kb6 Rxe5 53. Kc6 f3 54. Ng4 Rxg5 55. Nf2 Kh7 56. Kd6 Kxh6 57. Ne4 Rg2 58. Ke5 f2 59. Nxf2 Rxf2 0-1

[Event "Hainaut-ch"]
[Site "Manage"]
[Date "2008.08.23"]
[Round "3.5"]
[White "Russo, Julien"]
[Black "Baguet, Frederic"]
[Result "1-0"]
[WhiteElo "2078"]
[BlackElo "1923"]
[PlyCount "63"]
[EventDate "2008.08.23"]
[EventType "swiss"]
[EventRounds "9"]
[EventCountry "BEL"]
[SourceTitle "EXT 2024"]
[Source "ChessBase"]
[SourceDate "2023.10.10"]
[SourceVersion "1"]
[SourceVersionDate "2023.10.10"]
[SourceQuality "1"]

1. e4 d5 2. exd5 Qxd5 3. Nc3 Qa5 4. d4 Nf6 5. Nf3 Bf5 6. Bd2 c6 7. Bc4 e6 8. Nd5 Qd8 9. Nxf6+ gxf6 10. Bb3 Nd7 11. Qe2 Qe7 12. 0-0-0 0-0-0 13. Nh4 Bg6 14. Kb1 Nb6 15. Ba5 Rd7 16. Nxg6 hxg6 17. c4 Rh5 18. Bc3 f5 19. h3 Bg7 20. Rd3 Qd8 21. Rhd1 Qh4 22. f3 Rh8 23. a4 Rhd8 24. a5 Na8 25. d5 Bxc3 26. Rxc3 exd5 27. cxd5 Nc7 28. a6 Nxa6 29. dxc6 Rxd1+ 30. Bxd1 bxc6 31. Qxa6+ Kb8 32. Rb3+ 1-0

[Event "Hainaut-ch"]
[Site "Manage"]
[Date "2008.08.23"]
[Round "6.4"]
[White "Russo, Julien"]
[Black "Barbier, Sigiswald"]
[Result "1-0"]
[WhiteElo "2078"]
[BlackElo "2029"]
[PlyCount "69"]
[EventDate "2008.08.23"]
[EventType "swiss"]
[EventRounds "9"]
[EventCountry "BEL"]
[SourceTitle "EXT 2024"]
[Source "ChessBase"]
[SourceDate "2023.10.10"]
[SourceVersion "1"]
[SourceVersionDate "2023.10.10"]
[SourceQuality "1"]

1. e4 c5 2. Nf3 g6 3. c3 Bg7 4. d4 cxd4 5. cxd4 d5 6. e5 Nc6 7. h3 f6 8. Bf4 e6 9. Nc3 Nh6 10. h4 Nf7 11. Bb5 0-0 12. Bxc6 bxc6 13. Qd2 fxe5 14. dxe5 c5 15. h5 Rb8 16. hxg6 hxg6 17. Qc2 Nh8 18. Bg5 Qe8 19. 0-0-0 Rf5 20. Rh3 Nf7 21. Bf6 Bxf6 22. exf6 Qd8 23. g4 Rxf6 24. Rdh1 Qc7 25. Ne2 e5 26. Rh7 e4 27. Ng5 Bxg4 28. Nxf7 Rxf7 29. Rh8+ Kg7 30. R1h7+ Kf6 31. Rxf7+ Qxf7 32. Rxb8 Kg7 33. Qc3+ d4 34. Qxc5 Qxf2 35. Qe5+ 1-0

[Event "FRA-chT2 North 0607"]
[Site "France"]
[Date "2007.03.18"]
[Round "9.3"]
[White "Russo, Julien"]
[Black "Dussart, Frederic"]
[Result "1/2-1/2"]
[WhiteElo "2166"]
[BlackElo "2265"]
[PlyCount "81"]
[EventDate "2006.10.15"]
[EventType "team"]
[EventRounds "11"]
[EventCountry "FRA"]
[SourceTitle "EXT 2008"]
[Source "ChessBase"]
[SourceDate "2007.11.25"]
[SourceVersion "1"]
[SourceVersionDate "2007.11.25"]
[SourceQuality "1"]
[WhiteTeam "Arras"]
[BlackTeam "Bagneux"]
[WhiteTeamCountry "FRA"]
[BlackTeamCountry "FRA"]

1. e4 c5 2. Nf3 Nc6 3. Bb5 e6 4. 0-0 Nge7 5. c3 a6 6. Ba4 b5 7. Bc2 d5 8. d4 cxd4 9. Nxd4 Bb7 10. Nxc6 Bxc6 11. Nd2 g6 12. Qe2 Bg7 13. Rd1 Qc7 14. Nf3 0-0 15. Bg5 dxe4 16. Bxe4 Nd5 17. Nd4 Bb7 18. Rd3 Rfe8 19. Rad1 h6 20. Bc1 Rad8 21. g3 Kh7 22. h4 f5 23. Bg2 Qf7 24. Qd2 Rc8 25. Nxe6 Rxe6 26. Bxd5 Bxd5 27. Rxd5 Rce8 28. Rd7 R8e7 29. Rxe7 Qxe7 30. Kf1 Re4 31. Re1 Qe6 32. Rxe4 Qxe4 33. Qf4 Qd3+ 34. Kg2 Qd5+ 35. Qf3 Qxa2 36. h5 Qe6 37. hxg6+ Kxg6 38. Bf4 Bf6 39. Qa8 Bg5 40. Qf3 Kf6 41. Bxg5+ 1/2-1/2

[Event "FRA-chT2 North 0607"]
[Site "France"]
[Date "2007.03.17"]
[Round "8.3"]
[White "Hautot, Stephane"]
[Black "Russo, Julien"]
[Result "1-0"]
[WhiteElo "2385"]
[BlackElo "2166"]
[PlyCount "59"]
[EventDate "2006.10.15"]
[EventType "team"]
[EventRounds "11"]
[EventCountry "FRA"]
[SourceTitle "EXT 2008"]
[Source "ChessBase"]
[SourceDate "2007.11.25"]
[SourceVersion "1"]
[SourceVersionDate "2007.11.25"]
[SourceQuality "1"]
[WhiteTeam "Chalons en Champagne"]
[BlackTeam "Arras"]
[WhiteTeamCountry "FRA"]
[BlackTeamCountry "FRA"]

1. e4 e6 2. d4 d5 3. Nc3 Nf6 4. Bg5 Bb4 5. e5 h6 6. Bd2 Bxc3 7. bxc3 Ne4 8. Qg4 g6 9. Bc1 c5 10. Bd3 Bd7 11. Bxe4 dxe4 12. Ne2 Bc6 13. 0-0 Nd7 14. Ng3 Qa5 15. Bb2 cxd4 16. cxd4 Qb4 17. Rab1 e3 18. fxe3 Qd2 19. e4 Rc8 20. d5 Qe3+ 21. Kh1 h5 22. Qd1 Ba4 23. Rf3 Qh6 24. dxe6 fxe6 25. Ba3 Rh7 26. Rxb7 h4 27. Qd6 Rc6 28. Rb8+ Nxb8 29. Qxb8+ Kd7 30. Rd3+ 1-0

[Event "Charleroi op 5th"]
[Site "Charleroi"]
[Date "2006.08.05"]
[Round "9"]
[White "Foisor, Sabina Francesca"]
[Black "Russo, Julien"]
[Result "1-0"]
[WhiteElo "2292"]
[BlackElo "2145"]
[PlyCount "69"]
[EventDate "2006.07.29"]
[EventType "swiss"]
[EventRounds "9"]
[EventCountry "BEL"]
[SourceTitle "CBM 113 Extra"]
[Source "ChessBase"]
[SourceDate "2006.09.14"]
[SourceVersion "1"]
[SourceVersionDate "2006.09.14"]
[SourceQuality "1"]

1. Nf3 d5 2. g3 Bg4 3. Bg2 Nc6 4. d4 Qd7 5. Nc3 e6 6. a3 Be7 7. 0-0 h5 8. b4 f6 9. h3 Bf5 10. Nh4 g6 11. Qd2 0-0-0 12. b5 Nb8 13. Rb1 Nh6 14. Na4 b6 15. Rd1 g5 16. Nxf5 Nxf5 17. Qd3 Nd6 18. Nc3 f5 19. a4 h4 20. g4 fxg4 21. e4 gxh3 22. Bxh3 g4 23. Bxg4 Rdg8 24. Qh3 Qe8 25. Kh1 Kd8 26. exd5 Qg6 27. Bxe6 Rf8 28. Be3 Nc4 29. Rg1 Qxc2 30. Rbc1 Qb3 31. d6 Bxd6 32. Bg5+ Ke8 33. Rge1 Be7 34. Bxe7 Rxf2 35. Bf6 1-0

[Event "Charleroi op 5th"]
[Site "Charleroi"]
[Date "2006.08.01"]
[Round "5"]
[White "Charlier, Laurent"]
[Black "Russo, Julien"]
[Result "1-0"]
[WhiteElo "2007"]
[BlackElo "2145"]
[PlyCount "91"]
[EventDate "2006.07.29"]
[EventType "swiss"]
[EventRounds "9"]
[EventCountry "BEL"]
[SourceTitle "CBM 113 Extra"]
[Source "ChessBase"]
[SourceDate "2006.09.14"]
[SourceVersion "1"]
[SourceVersionDate "2006.09.14"]
[SourceQuality "1"]

1. e4 e6 2. d4 d5 3. Bd3 dxe4 4. Bxe4 Nf6 5. Bf3 c5 6. Ne2 Nc6 7. Be3 e5 8. Bxc6+ bxc6 9. c3 cxd4 10. cxd4 c5 11. dxe5 Qxd1+ 12. Kxd1 Ng4 13. Nbc3 Ba6 14. Kc2 Nxe3+ 15. fxe3 0-0-0 16. Rhf1 Bd3+ 17. Kc1 Rd7 18. Rf3 g5 19. g4 Bg7 20. e4 Rhd8 21. Re3 Bxe5 22. h3 c4 23. a4 Rd6 24. Ra3 Rf6 25. Nd5 Rf1+ 26. Kd2 Bxb2 27. Rexd3 cxd3 28. Rxd3 Rd7 29. Ng3 Ra1 30. Nf5 Ba3 31. Rc3+ Kd8 32. Rb3 Kc8 33. Rc3+ Kd8 34. Rb3 Bc1+ 35. Ke2 Rxd5 36. exd5 Rxa4 37. d6 Kc8 38. Rc3+ Kd7 39. Rxc1 Ra2+ 40. Kf3 a5 41. Rc7+ Kd8 42. Rxf7 a4 43. Nd4 Rd2 44. Ke3 Rd1 45. d7 Re1+ 46. Kd2 1-0

[Event "FRA-chT2B 0506"]
[Site "France"]
[Date "2005.11.19"]
[Round "2.8"]
[White "Russo, Julien"]
[Black "Boonekamp, Maarten"]
[Result "1-0"]
[WhiteElo "2107"]
[BlackElo "2019"]
[PlyCount "81"]
[EventDate "2005.10.27"]
[EventType "team-tourn"]
[EventRounds "11"]
[EventCountry "FRA"]
[SourceTitle "EXT 2006"]
[Source "ChessBase"]
[SourceDate "2005.11.24"]
[SourceVersion "1"]
[SourceVersionDate "2005.11.24"]
[SourceQuality "1"]
[WhiteTeam "Arras"]
[BlackTeam "Gif sur Yvette"]
[WhiteTeamCountry "FRA"]
[BlackTeamCountry "FRA"]

1. e4 e5 2. d4 exd4 3. Qxd4 Nc6 4. Qe3 Nf6 5. Nc3 Nb4 6. Bd3 Nxd3+ 7. cxd3 Bb4 8. Nge2 0-0 9. 0-0 d5 10. e5 Ng4 11. Qg3 f6 12. d4 fxe5 13. dxe5 d4 14. Ne4 d3 15. N2c3 Qd4 16. h3 Bxc3 17. bxc3 Qxe5 18. hxg4 Qxe4 19. Qxc7 Bxg4 20. f3 Bxf3 21. gxf3 Rxf3 22. Rxf3 Qxf3 23. Qc4+ Kh8 24. Qf4 Qd1+ 25. Qf1 Qg4+ 26. Qg2 Qxg2+ 27. Kxg2 Re8 28. Bf4 g5 29. Bg3 Re2+ 30. Kf3 h5 31. Rd1 g4+ 32. Kf4 Rxa2 33. Rxd3 Ra4+ 34. Kg5 Ra5+ 35. Kg6 Ra6+ 36. Kxh5 Rc6 37. Kxg4 b5 38. Be5+ Kg8 39. Rd5 a6 40. Kf5 Kf7 41. Rd6 1-0

[Event "Charleroi op 4th"]
[Site "Charleroi"]
[Date "2005.08.04"]
[Round "7"]
[White "Vandevoort, Pascal"]
[Black "Russo, Julien"]
[Result "1-0"]
[WhiteElo "2415"]
[BlackElo "2084"]
[PlyCount "61"]
[EventDate "2005.07.30"]
[EventType "swiss"]
[EventRounds "9"]
[EventCountry "BEL"]
[SourceTitle "EXT 2006"]
[Source "ChessBase"]
[SourceDate "2005.11.24"]
[SourceVersion "1"]
[SourceVersionDate "2005.11.24"]
[SourceQuality "1"]

1. Nf3 d5 2. d4 Nf6 3. c4 c6 4. Nc3 e6 5. e3 Nbd7 6. Qc2 Bd6 7. Bd3 dxc4 8. Bxc4 b5 9. Bd3 0-0 10. 0-0 Bb7 11. Ne4 Nxe4 12. Bxe4 f5 13. Bd3 c5 14. Qe2 c4 15. Bc2 Nf6 16. b3 Ne4 17. Ne5 Qg5 18. f3 Nc3 19. Qe1 Nd5 20. bxc4 bxc4 21. Rb1 Bc8 22. Nxc4 Bc7 23. f4 Qh6 24. Ne5 g5 25. fxg5 Qg7 26. Kh1 Bxe5 27. dxe5 Qxe5 28. e4 fxe4 29. Rxf8+ Kxf8 30. Bxe4 Nf4 31. Ba3+ 1-0

[Event "BEL-ch U20"]
[Site "Worriken Buetgenbach"]
[Date "2004.04.03"]
[Round "1.7"]
[White "Russo, Julien"]
[Black "Pieroni, Severino"]
[Result "1-0"]
[WhiteElo "1806"]
[BlackElo "1402"]
[PlyCount "45"]
[EventDate "2004.04.03"]
[EventType "swiss"]
[EventRounds "9"]
[EventCountry "BEL"]
[SourceTitle "EXT 2006"]
[Source "ChessBase"]
[SourceDate "2005.11.24"]
[SourceVersion "1"]
[SourceVersionDate "2005.11.24"]
[SourceQuality "1"]

1. e4 c5 2. Nf3 Nc6 3. Bb5 d6 4. 0-0 Bd7 5. c3 Nf6 6. Re1 a6 7. Ba4 Bg4 8. h3 Bxf3 9. Qxf3 b5 10. Bc2 g6 11. a4 b4 12. a5 Nd7 13. Ba4 Qc7 14. e5 Rc8 15. e6 Nf6 16. d4 fxe6 17. d5 Nxd5 18. Rxe6 Nxc3 19. bxc3 Bg7 20. Bg5 Kd8 21. Bxc6 Qxc6 22. Qxc6 Rxc6 23. Rxe7 1-0